Devine le film à partir de son résumé absurde - Statistiques

Statistiques générales
  • Ce quiz a été pris 152 fois
  • Le résultat moyen est 4 sur 15
Statistiques - réponses
Hint Réponse % Correct
Un jouet cowboy développe une jalousie maladive envers un astronaute en plastique Toy Story
88%
Une femme quitte son fiancé pour un clochard dans un bateau mal conçu Titanic
75%
Un mec refuse de prendre le bus comme tout le monde et finit par inspirer la nation Forrest Gump
62%
Un poisson handicapé traverse l'océan pour retrouver son fils... qui s’est fait kidnapper par une petite fille Le monde de Némo
62%
Un enfant fugue pour aller à l’école… pendant 7 ans Harry Potter
35%
Un parasite social se fait passer pour un prof de sport, un artiste et un tuteur pour squatter une villa Parasite
35%
Des gens veulent retourner vivre dans les arbres plutôt que signer un contrat EDF Avatar
28%
Deux sœurs provoquent une crise climatique pour régler leurs problèmes familiaux La reine des neiges
19%
Un mec déguisé en chauve-souris tabasse des gens malades mentaux au lieu de financer les hôpitaux Batman : The Dark Knight
11%
Un homme se bat contre ses propres meubles, littéralement Fight Club
10%
Un mec reste bloqué chez lui à cause de la météo et parle tout seul pendant 1h30 The Shining
10%
Un mec avec une perruque blanche et des daddy issues invente la techno, crie beaucoup et meurt trop tôt Amadeus
3%
Un légume provoque la guerre civile entre deux clans italiens. Ratatouille
3%
Une fille découvre que suivre une inconnue dans un couloir sombre peut mener à de graves problèmes d’identité Mulholland Drive
1%
Un type perd son boulot et devient Walter White dans un parc à thème pour enfants Willy Wonka et la Chocolaterie
1%
Aucun quiz correspondant
Distribution des résultats
% des personnes avec chaque résultat
Percentile par nombre de réponses
Votre historique - résultats
Vous n’avez pas pris ce quiz